| 000 | 00766ngm a2200205 i 4500 | ||
|---|---|---|---|
| 001 | bg | ||
| 245 | 0 | 0 |
_aCiągniki zrywkowe LOKOMO / _cOśrodek Rozwojowo-Wdrożeniowy Lasów Państwowych w Bedoniu. |
| 260 |
_aAndrespol : _bLeśne Studio Filmowe ORWLP w Bedoniu. |
||
| 300 |
_a1 kas. wiz. (18 min 40 sek) : _bdźw., kolor. |
||
| 490 | 1 | _vF-5 | |
| 650 | 9 | _aCiągniki | |
| 655 | _aDokumenty audiowizualne | ||
| 710 | 0 | _aOśrodek Rozwojowo-Wdrożeniowy Lasów Państwowych (Bedoń) | |
| 040 | _cBPK | ||
| 041 | 0 | _apol | |
| 080 | _a631.3(086.8) | ||
| 942 | _cTW | ||
| 008 | s pl f |000 0 pol | ||
| 999 |
_c35287 _d35287 |
||
| 856 |
_uhttp://koha.tu.koszalin.pl/cgi-bin/koha/opac-detail.pl?biblionumber=35287 _yKatalog online BPK |
||